Normal view
MARC view
- Lumbreras, David.
Entry Personal Name
001 - CONTROL NUMBER
- control field: 54178
003 - CONTROL NUMBER IDENTIFIER
- control field: OSt
005 - DATE AND TIME OF LATEST TRANSACTION
- control field: 20240308141711.0
008 - FIXED-LENGTH DATA ELEMENTS
- fixed length control field: 240308|| aca||aabn | a|a d
040 ## - CATALOGING SOURCE
- Original cataloging agency: OSt
- Transcribing agency: OSt
100 ## - HEADING--PERSONAL NAME
- Personal name: Lumbreras, David.
- Relator term: author.
670 ## - SOURCE DATA FOUND
- Source citation: Work cat.: (OSt): Lumbreras, David. author., Fast-processing sigma—delta strategies for three-phase wide-bandgap power converters with common-mode voltage reduction /, July 2022.
